000 01207nam a22002537a 4500
999 _c21987
_d21987
003 AR-CdUCM
008 190425b ||||| |||| 00| 0 spa d
040 _aMUNICIPALIDAD PROVINCIAL DEL CUSCO
_cBIBLIOTECA MUNICIPAL DEL CUSCO
082 _aJusticia/N°1/1966
110 _aUniversidad Nacional de San Antonio Abad del Cusco
_915942
245 _aJusticia :
_bÓrgano del Centro Federado Facultad de Derecho /
260 _aCusco.
_bH.G. Rozas,
_c1966.
300 _a173 páginas. :
_c24 cm.
440 _aJusticia Órgano del Centro Federado Facultad de Derecho.
_nN° 1.1966
_947074
505 _aContenido: Ciencia Jurídica al servicio del Perú como país en vía de desarrollo. Carlos Ferdinand Cuadros. -- El problema sexual de las prisiones. Bertha Dedregori de Nieto. -- La subsistencia del dominio privado sobre las aguas en el Perú. -- Antropología una perspectiva en la Ciencia del Derecho.
650 _aDerecho
_9739
650 _aCiencias Jurídicas
_915945
700 _aCuadros, Carlos Ferdinand
_929707
700 _aDegregori de Nieto, Martha
_947075
700 _aSánchez Garrafa, Rodolfo
_92179
700 _aChallco Vizcarra, Pedro
_947076
942 _2ddc
_cPP
945 _arac